000 00607nam a2200181Ia 4500
003 GCL
008 140319s9999 xx 000 0 ara d
040 _aGCL /
_cGCL
082 0 4 _aافلام ت
_b13
100 1 _aحسين الطيب (مخرج)
245 1 0 _aمسجد السيدة نفيسة(20 دقيقة) /
_cحسين الطيب (مخرج)
700 1 _aعماد فريد (مصور)
260 _a[S.N] :
_bالمركز القومى للسينما ،
_c1981
650 0 4 _aشرائط فيديو
650 0 4 _aافلام تسجيلية
650 0 4 _aمسجد السيدة نفيسة
942 _2ddc
_cVM
999 _c33745
_d33745